Publicidad, promoción y comunicación integral en marketing
Guardat en:
| Autors principals: | , |
|---|---|
| Format: | Llibre |
| Idioma: | espanyol |
| Publicat: |
Ciudad de México
Pearson Educación
2010
|
| Edició: | 4a. ed |
| Matèries: | |
| Etiquetes: |
Afegir etiqueta
Sense etiquetes, Sigues el primer a etiquetar aquest registre!
|
MARC
| LEADER | 00000cam a2200000 a 4500 | ||
|---|---|---|---|
| 001 | UCD9002 | ||
| 003 | CL-VaPUC | ||
| 008 | 170602e20100000mx |||||||||||||||||spa|d | ||
| 020 | |a 9786074426304 | ||
| 082 | 0 | 4 | |a 659.1 |b CLO |2 21 |
| 100 | 0 | |a Clow, Kenneth E |e author |9 592650 | |
| 700 | 0 | |a Baack, Donald |e author |9 592651 | |
| 245 | 1 | 0 | |a Publicidad, promoción y comunicación integral en marketing |
| 250 | |a 4a. ed | ||
| 300 | |a 454 p | ||
| 942 | |c BK | ||
| 945 | |d 20170602 23:29:00 |a dcastane | ||
| 260 | |a Ciudad de México |b Pearson Educación |c 2010 | ||
| 650 | 0 | |a Publicidad |9 314572 | |
| 650 | 7 | |a COMUNICACION DE MASAS |2 CL-VaPUC |9 334823 | |
| 650 | 0 | |a Marketing |9 259324 | |
| 583 | |a last modification |c 20170602 23:29:00 |k Rodrigo Vera | ||
| 999 | |c 368307 |d 368305 | ||